000
00498nam a2200181Ia 4500
008
100917s9999 xx 000 0 und d
082
_b
34508
100
_a
परांजपे अशोक
245
_a
रक्ताची तहान
260
_b
---
_c
1978
300
_a
189
365
_b
20
520
_a
कादंबरी
630
_a
रक्ताची तहान
650
_a
कादंबरी
730
_a
रक्ताची तहान
942
_c
BOOK
999
_c
639902
_d
639899